[Event "Brno Duras BVK op-A"]
[Site "Brno"]
[Date "2002.??.??"]
[Round "1"]
[White "Markovic, Ivan1111"]
[Black "Ganesh, DV."]
[Result "1-0"]
[WhiteElo "2305"]
[BlackElo "2007"]
[PlyCount "45"]
[EventDate "2002.??.??"]
[EventType "swiss"]
[EventRounds "9"]
[EventCountry "CZE"]
[SourceTitle "EXT 2006"]
[Source "ChessBase"]
[SourceDate "2005.11.24"]
[SourceVersion "1"]
[SourceVersionDate "2005.11.24"]
[SourceQuality "1"]

1. e4 g6 2. d4 Bg7 3. Nc3 d6 4. f4 c6 5. Nf3 b5 6. Bd3 Bg4 7. Be3 b4 8. Ne2 Bxf3 9. gxf3 Nd7 10. e5 f5 11. c4 Qc7 12. Qc2 Nh6 13. h4 a5 14. h5 e6 15. hxg6 hxg6 16. a3 Rb8 17. axb4 axb4 18. b3 Kf7 19. Kd2 Ra8 20. Ra2 Ng4 21. Rxh8 Nxe3 22. Rhxa8 Nxc2 23. R2a7 1-0